Alter Ego :Methode De Francais (Record no. 903)

MARC details
005 - DATE AND TIME OF LATEST TRANSACTION
control field 20250318121253.0
020 ## - INTERNATIONAL STANDARD BOOK NUMBER
International Standard Book Number 978-2-01-155420-8
082 ## - DEWEY DECIMAL CLASSIFICATION NUMBER
Classification number 415 BER
100 ## - MAIN ENTRY--PERSONAL NAME
Author name BERTHET, A.
245 ## - TITLE STATEMENT
Title Alter Ego :Methode De Francais
260 ## - PUBLICATION, DISTRIBUTION, ETC.
Place of publication, distribution, etc. Paris
Name of publisher, distributor, etc. Hachette Livre,
Date of publication, distribution, etc. 2006.
300 ## - PHYSICAL DESCRIPTION
Extent 192p.: ill.; picture,
Other physical details index,
Dimensions 28cm.
700 ## - ADDED ENTRY--PERSONAL NAME
Other authors/Editors HUGOT, C. , KIZIRIAN, V. M. ,SAMPSONIS, B. & WAENDENDRIES, M.
942 ## - ADDED ENTRY ELEMENTS (KOHA)
Source of classification or shelving scheme Dewey Decimal Classification
Koha item type Books
Holdings
Date last seen Total checkouts Full call number Barcode Cost, replacement price Price effective from Koha item type Lost status Source of classification or shelving scheme Damaged status Not for loan Withdrawn status Home library Current library Shelving location Date acquired Cost, normal purchase price
03/18/2025   415 BER 0000003582 75000.00 03/18/2025 Books   Dewey Decimal Classification       College of Business Education Main Library College of Business Education Main Library General Collection 03/18/2025 25000.00
03/18/2025   415 BER 0000003583 75000.00 03/18/2025 Books   Dewey Decimal Classification       College of Business Education Main Library College of Business Education Main Library General Collection 03/18/2025 25000.00
03/18/2025   415 BER 0000003584 75000.00 03/18/2025 Books   Dewey Decimal Classification       College of Business Education Main Library College of Business Education Main Library General Collection 03/18/2025 25000.00